000 01033nam a2200241 a 4500
001 BRCA_6264
005 20190320205406.0
008 290711s1844----mx-abc####---#000-0#spa-#
041 _aspa
044 _amx
050 4 _aF1219
_b.C53 1844
100 1 _aClavijero, Francisco Javier
_915721
245 1 0 _aHistoria antigua de México y de su conquista, sacada de los mejores historiadores españoles, y de los manuscritos y pinturas antiguas de los indios, dividida en diez libros, adornada con mapas y estampas, e ilustrada con disertaciones sobre la tierra, los animales y los habitantes de México
_cFrancisco J. Clavijero ; traducida del italiano por Joaquin de la Mora.
260 _aMéxico
_bImprenta de Lara
_c1844
300 _a2 v.
_bil., mapas, retratos
_c25 cm.
500 _aC8
650 1 4 _aIndios de México
_915722
651 4 _aMéxico
_xHistoria
_yHasta 1519
_99704
651 4 _aMéxico
_xHistoria
_yConquista, 1519-1540
_9442
700 1 _aMora, Joaquin de la
_eTraductor
_915723
902 _aGFM
942 _2lcc
_cB
999 _c5951
_d5951